00694 a2200121 4500003000500000005001700005040000900022082001000031245004900041260001700090300001800107505044700125Nust20230102112033.0 cNust a629.8 aMatlab The Language of Technical Computing / aLondonb1996 aVarious Pages aIntroduction (Page-1), Using the Environment (Page-2), Debugger and Profiler (Page-3), Polynomials and Interpolation (Page-5), Data Analysis and Statistics (Page-6), Function Functions (Page-7), Ordinary Differential Equations (Page-8), Sparse Matrices (Page-9), M-File Programming (Page-10), Character Arrays (Page-11), Multidimensional Arrays (Page-12), Structures and Cell Arrays (Page-13), Classes and Objects (Page-14), File/O (Page-15).